• 首页
  • 本馆介绍
  • 公告通知
  • 最新文献
  • 馆藏检索
  • 电子资源
  • 读者导购
  • 参考咨询
  • 我的图书馆
  • 登录
  • 详细信息显示
  • 放入我的书架
  • 预约/预借图书
  • 作者相关作品
  • 分类相关作品
  • 丛书相关作品
  • 出版社相关作品

书目信息

  • 表格格式
  • 工作单格式
  • 卡片格式
题名:
农业审计
    
 
作者: ;辽宁省审计学会 编
分册:  
出版信息: 沈阳   辽宁人民出版社  1989.8
页数: 459页
开本: 19厘米
丛书名:
单 册:
中图分类: F239.61
科图分类:
主题词: 农业--审计
电子资源:
ISBN: 978-7-205-01092-8
000 00799nam0 2200229 450
001 0100275700
005 20020928000000.0
010    @a978-7-205-01092-8@dCNY4.40
100    @a19901121d1989 m y0chiy0110 ea
101 0  @achi
102    @aCN@b210000
105    @ay z 000yy
106    @ar
200 1  @a农业审计@9Nong Ye Shen Ji @f辽宁省审计学会《农业审计》编写组编@b专著
210    @a沈阳@c辽宁人民出版社@d1989.8
215    @a459页@d19厘米
330    @a本书分6篇33章,介绍了审计的基本理论和适应农业特点的审计程序和方法;阐述了事业费、专项资金、专用资金和企业审计重点;突出了经济责任和经济效益审计。
606 0  @a农业@x审计
690    @aF239.61@v1980
711 02 @a辽宁省审计学会@9liao ning sheng shen ji xue hui@4编
801  0 @aCN@bAiZhiMarc@c19901121
905    @aBZT@dF239.61@e2@f1@sF239.61/2
    
    农业审计/辽宁省审计学会《农业审计》编写组编.-沈阳:辽宁人民出版社,1989.8
    459页;19厘米
    
    
    ISBN 978-7-205-01092-8:CNY4.40
    本书分6篇33章,介绍了审计的基本理论和适应农业特点的审计程序和方法;阐述了事业费、专项资金、专用资金和企业审计重点;突出了经济责任和经济效益审计。
●
相关链接 在五车中查询图书 在当当中查询图书 在豆瓣中查询图书


正题名:农业审计     索取号:F239.61/2         预约/预借

序号 登录号 条形码 馆藏地/架位号 状态 备注
1 2000110866   2000110866   旧书回溯/ [索取号:F239.61/2] 在馆    
山东省滨州职业学院图书馆 欢迎您!
大连网信软件有限公司© 版权所有